000 00875nam a2200253 4500
001 sa 68012363
003 DLC
005 20260227112609.0
008 691105s1966 ii 100 0 eng
010 _asa 68012363
025 _aPL480:I-E-9295
040 _aDLC
_cDLC
_dDLC
050 0 0 _aLB2367
_b.S85 1964
082 0 0 _a378.1/6/710954
111 2 _aSummer School on Examination Reforms,
_cM.B. Patel College of Education,
_d1964.
245 1 0 _aExamination reform;
_ba report of summer school.
_cEditors: R. S. Trivedi, P. D. Mistry [and] M. N. Palsane.
260 _aVallabh Vidyanagar,
_bSardar Vallabhbhai Vidyapeeth,
_c1966.
300 _a7, 82 p.
_c22 cm.
350 _a2.00
650 0 _aUniversities and colleges
_zIndia
_xExaminations.
700 1 _aTrivedi, Ramanlal Shankerlal,
_d1921-
_eed.
700 1 _aMistry, P. D.,
_eed.
700 1 _aPalsane, M. N.,
_eed.
999 _c84485
_d84485